000
00294nam a22001337a 4500
008
171018b xxu||||| |||| 00| 0 eng d
020
_a
9780071289238
041
_a
eng
080
_a
338
100
_a
53
101
_a
MNG
245
_a
NEW PRODUCTS MANAGEMENT
_c
CRAWFORD, M
942
_2
udc
_c
BK
999
_c
34524
_d
34524